La Sociedad industrial contemporánea
Gardado en:
| Autor Principal: | |
|---|---|
| Formato: | Libro |
| Idioma: | Lingua castelá |
| Publicado: |
Ciudad de México
Siglo Veintiuno
1967
|
| Series: | El mundo del hombre. Sociología y política
|
| Subjects: | |
| Tags: |
Engadir etiqueta
Sen Etiquetas, Sexa o primeiro en etiquetar este rexistro!
|
MARC
| LEADER | 00000nam a2200000 a 4500 | ||
|---|---|---|---|
| 001 | UCX5636 | ||
| 003 | CL-VaPUC | ||
| 005 | 20210921074656.0 | ||
| 008 | 921215e19670000mx 1 spa d | ||
| 082 | 0 | 4 | |a 338.9 |b FRO |2 21 |
| 100 | 1 | |a Fromm, Erich |e author |9 315922 | |
| 245 | 1 | 3 | |a La Sociedad industrial contemporánea |
| 260 | |a Ciudad de México |b Siglo Veintiuno |c 1967 | ||
| 300 | |a 217 p | ||
| 490 | 0 | |a El mundo del hombre. Sociología y política | |
| 583 | |a last modification |c 19921215 00:00:00 |k Rodrigo Vera | ||
| 650 | 0 | 0 | |a Desarrollo económico |9 259599 |
| 650 | 0 | 0 | |a Desarrollo social |9 264534 |
| 942 | |c BK | ||
| 945 | |d 19921215 00:00:00 | ||
| 546 | |a En Español | ||
| 536 | |a Escuela Nacional de Ciencias Políticas y Sociales, Universidad Autónoma de México | ||
| 518 | |p Conferencia, Febrero, 1966 | ||
| 999 | |c 382157 |d 382155 | ||
| 952 | |0 0 |1 0 |4 0 |6 338_900000000000000_FRO_1967 |7 0 |8 A |9 503712 |a BIBHIS |b BIBHIS |d 2020-01-23 |i 2925478 |o 338.9 FRO 1967 |p 2925478 |r 2025-01-20 |w 2020-01-23 |y BK |k HIS | ||